| 000 | 00697nam a22002417a 4500 | ||
|---|---|---|---|
| 005 | 20170124110200.0 | ||
| 010 | _aA-945599 | ||
| 020 | _c00.00 | ||
| 035 | _aA-945599 | ||
| 037 | _bCen Lib/Ret | ||
| 040 |
_aDPL _bEN |
||
| 082 |
_a174.9658 _bSHE |
||
| 100 |
_aSherlekar, S.A. _925763 |
||
| 245 |
_aEthics in management / _cby S.A. Sherlekar |
||
| 246 | _b | ||
| 260 |
_bHimalaya Publishing House _aMumbai _c1998 |
||
| 270 |
_bMumbai _aDr. bhalerao marg. girgaon _e400004 |
||
| 300 |
_a166p. _c21cm(Hb) |
||
| 500 | _aIncludes appendix and bibliographical references | ||
| 650 |
_aEthics _911191 |
||
| 650 |
_aManagement _93072 |
||
| 942 |
_2ddc _cEN _h174.9658 _mSHE |
||
| 999 |
_c132837 _d132837 |
||